Páginas autobiográficas

Gespeichert in:
Bibliographische Detailangaben
1. Verfasser: Azuela, Mariano
Format: Buch
Sprache:Undetermined
Veröffentlicht: México, Distrito Federal Fondo de Cultura Económica 1993
Ausgabe:3
Schlagworte:
Tags: Tag hinzufügen
Keine Tags, Fügen Sie den ersten Tag hinzu!

MARC

LEADER 00000nam a2200000Ia 4500
008 170316s9999 xx 000 0 und d
040 |a cru BVZT 
090 |a 860 A-44p 
100 |a Azuela, Mariano 
245 |a Páginas autobiográficas 
250 |a 3 
260 |a México, Distrito Federal 
260 |b Fondo de Cultura Económica 
260 |c 1993 
300 |a 276 páginas 
650 |a LITERATURA LATINOAMERICANA 
999 |c 8365  |d 8365 
942 |c 15 D  |h 860 A-44p  |2 z